Eastern Utah Libraries Catalog: Duchesne, Heber, Roosevelt, & Vernal

Made in Manhattan / (Record no. 373715)

MARC details
000 -LEADER
fixed length control field 01762nam a2200469 i 4500
001 - CONTROL NUMBER
control field 3254879
005 - DATE AND TIME OF LATEST TRANSACTION
control field 20220516131834.0
008 - FIXED-LENGTH DATA ELEMENTS--GENERAL INFORMATION
fixed length control field 220224s2022 meu d 000 1 eng d
010 ## - LIBRARY OF CONGRESS CONTROL NUMBER
LC control number 2021950777
020 ## - INTERNATIONAL STANDARD BOOK NUMBER
International Standard Book Number 9781638082507 (large print) :
Terms of availability $37.95
020 ## - INTERNATIONAL STANDARD BOOK NUMBER
International Standard Book Number 1638082502 (large print) :
Terms of availability $37.95
020 ## - INTERNATIONAL STANDARD BOOK NUMBER
Cancelled/invalid ISBN 9781982152833
Qualifying information (trade paperback)
020 ## - INTERNATIONAL STANDARD BOOK NUMBER
Cancelled/invalid ISBN 1982152834
020 ## - INTERNATIONAL STANDARD BOOK NUMBER
Cancelled/invalid ISBN 9781982152840
Qualifying information (ebook)
035 ## - SYSTEM CONTROL NUMBER
System control number (OCoLC)1287201135
035 ## - SYSTEM CONTROL NUMBER
System control number (OCoLC)on1287201135
035 ## - SYSTEM CONTROL NUMBER
System control number 3216621
040 ## - CATALOGING SOURCE
Original cataloging agency PABRO
Language of cataloging eng
Description conventions rda
Transcribing agency PABRO
050 #4 - LIBRARY OF CONGRESS CALL NUMBER
Classification number PS3612.A9597
Item number M34 2022
082 04 - DEWEY DECIMAL CLASSIFICATION NUMBER
Classification number 813/.6
Edition number 23
092 ## - LOCALLY ASSIGNED DEWEY CALL NUMBER (OCLC)
Classification number F
999 ## - SYSTEM CONTROL NUMBERS (KOHA)
Koha Dewey Subclass [OBSOLETE] F
100 1# - MAIN ENTRY--PERSONAL NAME
Personal name Layne, Lauren,
Relator term author.
9 (RLIN) 5810390
245 10 - TITLE STATEMENT
Title Made in Manhattan /
Statement of responsibility, etc Lauren Layne.
250 ## - EDITION STATEMENT
Edition statement Large print edition.
264 #1 - Production, Publication, Distribution, Manufacture, and Copyright Notice.
Place of production, publication, distribution, manufacture Thorndike, Maine :
Name of producer, publisher, distributor, manufacturer Center Point Large Print,
Date of production, publication, distribution, manufacture, or copyr 2022.
300 ## - PHYSICAL DESCRIPTION
Extent 327 pages (large print) ;
Dimensions 23 cm
336 ## - Content Type
Content type term text
337 ## - Media type
Media type term unmediated
338 ## - Carrier type
Carrier type term volume
650 #0 - SUBJECT ADDED ENTRY--TOPICAL TERM
Topical term or geographic name as entry element Man-woman relationships
Form subdivision Fiction.
9 (RLIN) 5674079
650 #0 - SUBJECT ADDED ENTRY--TOPICAL TERM
Topical term or geographic name as entry element Families
Form subdivision Fiction.
9 (RLIN) 5674501
650 #0 - SUBJECT ADDED ENTRY--TOPICAL TERM
Topical term or geographic name as entry element Aristocracy (Social class)
Form subdivision Fiction.
9 (RLIN) 5678706
650 #0 - SUBJECT ADDED ENTRY--TOPICAL TERM
Topical term or geographic name as entry element Large type books.
650 #7 - SUBJECT ADDED ENTRY--TOPICAL TERM
Topical term or geographic name as entry element FICTION / Romance.
Source of heading or term bisacsh
9 (RLIN) 5730982
910 ## - USER-OPTION DATA (OCLC)
User-option data BRO
942 ## - ADDED ENTRY ELEMENTS (KOHA)
Source of classification or shelving scheme Dewey Decimal Classification
Koha item type BOOK
948 ## - LOCAL PROCESSING INFORMATION (OCLC); SERIES PART DESIGNATOR (RLIN)
Series part designator, SPT (RLIN) BPR
b (OCLC) ADULT
p (OCLC) X131106205
h (OCLC) F
f (OCLC) 1
r (OCLC) 2
g (OCLC) 1
7 (OCLC) 0
u (OCLC) 3
w (OCLC) 11
s (OCLC) 0
o (OCLC) BPR
0 (OCLC) $37.95
y (OCLC) 99
c (OCLC) 41
j (OCLC) Dewey Decimal
n (OCLC) On-Order
e (OCLC) 2010756-1
9 (OCLC) Item generated Apr 7 2022 8:28AM
948 ## - LOCAL PROCESSING INFORMATION (OCLC); SERIES PART DESIGNATOR (RLIN)
Series part designator, SPT (RLIN) BOL
b (OCLC) ADULT
p (OCLC) X131106650
h (OCLC) F
f (OCLC) 1
r (OCLC) 2
g (OCLC) 1
7 (OCLC) 0
u (OCLC) 3
w (OCLC) 11
s (OCLC) 0
o (OCLC) BOL
0 (OCLC) $37.95
y (OCLC) 99
c (OCLC) 41
j (OCLC) Dewey Decimal
n (OCLC) On-Order
e (OCLC) 2010756-2
9 (OCLC) Item generated Apr 7 2022 8:28AM
Holdings
Withdrawn status Lost status Source of classification or shelving scheme Damaged status Not for loan Collection code Home library Current library Shelving location Date acquired Source of acquisition Total Checkouts Total Renewals Full call number Barcode Date last seen Date checked out Cost, replacement price Price effective from Koha item type
    Dewey Decimal Classification     Large Print Wasatch County Library Wasatch County Library First Floor 05/16/2022 Micromarketing 7 5 F Layne 34301001829730 11/03/2025 10/14/2025 37.95 05/16/2022 BOOK
This project was made possible through a grant from the Institute of Museum and Library Service administered by the Utah State Library Division.

Wasatch County Library

  • 465 East 1200 South, Heber City, Utah 84032
  • Phone 435-654-1511 | Fax 435-654-6456

Hours

  • Monday - Friday 9:30 AM - 8:00 PM
  • Saturday 9:30 AM - 1:30 PM
  • Closed Sundays and Holidays